LEADER 01199nam a2200241 i 4500 001 000000136340 003 CaOOAMICUS 005 20171211000000.0 008 171211s1876 it u000 u ita u 013 $a109861 040 $aSeMil$bita 100 1 $aRoselly de Lorgues, Antoine-François-Félix <1805-1898>.$0(OLS)http://semarc/name/2810 245 10$aDella vita di Cristoforo Colombo e delle ragioni di chiederne la beatificazione /$copera del conte Roselly De Lorgues ; tradotta dal francese e accresciuta di nuovi documenti dal p. Marcellino da Civezza. 260 $aPrato :$bPer Ranieri Guasti,$c1876. 300 $aXX, 568 p., [1] c. di tav. :$britr. ;$c20 cm. 600 14$aColombo, Cristoforo <1451-1506>.$0(OLS)http://semarc/subject/3282 700 1 $aMarcellino : da Civezza.$0(OLS)http://semarc/name/12250 850 $aSeMil 852 $aSeMil$W1$xVenegono$y1$m3T II 25 FA$j89956$B89956$CSeMilBibl$Z2$F0 $8I 941 1 $a10 961 $aRecupero: Mantegazza 996 $6245$aDella vita di Cristoforo Colombo e delle ragioni di chiederne la beatificazione$9(OLS)http://semarc/title/408483 996 $6260$aPrato :$bPer Ranieri Guasti$9(OLS)http://semarc/publisher/57269 LEADER 00374nab a2200133 i 4500 001 000000323942 003 CaOOAMICUS 005 20180831173434.0 008 180831n xx uu u0 0mul r 013 $a34318 040 $aSeMil$bita 245 10$aKant-Bibliographie 2012. 773 0 $t2014 : 4.$gp.[598]-639$w()283468 996 $6245$aKant-Bibliographie 2012.$9(OLS)http://semarc/title/397319 LEADER 01006nam a2200265 i 4500 001 000000110779 003 CaOOAMICUS 005 20021213000000.0 008 021213s1992 it u000 u ita u 013 $a83460 040 $aSeMil$bita 100 1 $aLazzati, Giuseppe,$d<1909-1986>.$0(OLS)http://semarc/name/41 245 13$aLo Spirito Santo /$cGiuseppe Lazzati. 260 $aRoma :$bAVE,$c1992. 300 $a108 p. ;$c21 cm. 490 0 $aQuaderni di San Salvatore. Seconda serie ;$v5 500 $aFondo Card. C.M. Martini. 650 4$aSpirito Santo - Meditazioni.$0(OLS)http://semarc/subject/6356 830 0$aQuaderni di San Salvatore. Seconda serie ;$v5.$0(OLS)http://semarc/title/10604 850 $aSeMil 852 $aSeMil$W1$xVenegono$y1$m3J V 60$j66642$B66642$CSeMilBibl$Z2$F94781 $81 941 1 $a4 961 $aOmaggio: Martini Card. Carlo Maria 996 $6245$aLo Spirito Santo$9(OLS)http://semarc/title/51279 996 $6260$aRoma :$bAVE$9(OLS)http://semarc/publisher/30251